00464nam a2200157Ia 450000500170000000800410001708200130005810000180007124500240008926000350011330000130014850000250016194200060018695200990019299900150029120250401084159.0240331s9999 xx 000 0 und d bTHIa894 aThilagavathy, 0aNilavukkul sooriyan aChennaibAlaikal Achagamc1992 a151 p ., aA Tamil Social Novel cL 001040708LaWERCLbWERCLcSSCd2024-03-31l0o 894.811 THIp3664r2024-03-31w2024-03-31yL c4208d4208